000 00831cam a2200217 4500
001 ABS64492
008 010918n2001 000 0 eng u
035 _a(Sirsi) u114622
100 _aMatysiak, G.
245 _aUsing indicators for short-term property performance forecasting
260 _c2001
490 _aProperty Forecast
_v4(9) September 2001, 10-12(3)
520 _aConsiders the work of the property analyst/forecaster, and the methods, tools and information sources available to him. Notes that there are a variety of quantitative models available which can assist with modelling and forecasting work. Graphs and tables.
590 _aABS
650 _aFORECASTING
650 _aPROPERTY ANALYSTS
650 _aMODELLING
650 _aINDICATORS
690 _aPROPERTY-COMMERCIAL PROPERTY
942 _n0
999 _c68286
_d68286